Brevemente risplendiamo sulla terra : [romanzo] /

Little Dog ricostruisce in una lettera alla madre la storia della sua famiglia, segnata dalla guerra del Vietnam e dall'emigrazione negli Stati Uniti. Arrivati in America nel 1990, Little Dog e sua madre Rose si stabiliscono in Connecticut, dove lei si mantiene facendo manicure e pedicure. Ma la don...

Deskribapen osoa

Gorde:
Xehetasun bibliografikoak
Egile nagusia: Vuong, Ocean (Egilea)
Beste egile batzuk: Durastanti, Claudia (Itzultzailea)
Formatua: Liburua
Hizkuntza:italiera
Argitaratua: Milano : La nave di Teseo, 2020
Saila:Oceani ; 84
Etiketak: Etiketa erantsi
Etiketarik gabe, Izan zaitez lehena erregistro honi etiketa jartzen!

MARC

LEADER 00000nam a22000007i 4500
001 IT\ICCU\UBO\4454453
003 ItRI
005 20260115232059.0
008 200427s2020 it |||||| |||||1|||||c
020 |a 9788834601327 
040 |b ita  |c importazione bologna sebina 
041 7 |a ita  |2 ISO-639-2 
082 |a 813.6  |9 NARRATIVA AMERICANA IN LINGUA INGLESE, 2000-  |2 21 
100 1 |a Vuong, Ocean  |0 IT\ICCU\MILV\366585  |4 aut 
240 1 0 |a On earth we're briefly gorgeous  |3 IT\ICCU\MOD\1703420  |9 Vuong, Ocean 
245 1 0 |a Brevemente risplendiamo sulla terra :  |b [romanzo] /  |c Ocean Vuong ; traduzione di Claudia Durastanti. 
260 |a Milano :  |b La nave di Teseo,  |c 2020 
300 |a 291 p. ;  |c 22 cm 
520 |a Little Dog ricostruisce in una lettera alla madre la storia della sua famiglia, segnata dalla guerra del Vietnam e dall'emigrazione negli Stati Uniti. Arrivati in America nel 1990, Little Dog e sua madre Rose si stabiliscono in Connecticut, dove lei si mantiene facendo manicure e pedicure. Ma la donna soffre di un disturbo da stress post-traumatico che si manifesta in violenti scoppi d'ira contro il figlio, alternati a gesti di tenerezza assoluta. Con loro abita la nonna Lan, che ha vissuto il dramma della guerra in prima persona: fuggita da un matrimonio combinato con un uomo molto più anziano, è costretta a vendersi ai soldati americani per mantenersi. Little Dog, crescendo, si fa interprete del dialogo impossibile tra le generazioni della sua famiglia tutta al femminile, unendo due donne che non parlano l'inglese e faticano a integrarsi nella cultura americana. Prendendosi cura degli altri, Little Dog impara a conoscere se stesso, dal difficile rapporto con i suoi coetanei che lo prendono di mira per la sua diversità, fino alla scoperta dell'amore. "Brevemente risplendiamo sulla terra" è una storia di formazione che, attraverso il legame d'amore tra un figlio e una madre, parla di identità, differenza, di come impariamo ad abitare i sentimenti più grandi. 
700 1 |a Durastanti, Claudia  |0 IT\ICCU\LO1V\369239  |4 trl 
830 0 |a Oceani ;  |v 84  |0 IT\ICCU\RMB\0794951 
942 |2 ddc  |c BK  |n 0 
952 |0 0  |1 0  |4 0  |6 DOC_813_600000000000000_VUO  |7 0  |9 19685  |a BO  |b BO  |d 2026-01-15  |i 19564  |l 0  |o DOC 813.6 VUO  |p BO19564  |r 2026-01-15 23:20:59  |w 2026-01-15  |x [Sebina 5] [1 v.]  |y BK  |z 1 v. 
999 |c 16783  |d 16783